000 00353nam a2200133Ia 4500
008 220216s9999 xx 000 0 und d
100 _aWatson I
245 0 _aAdvances in the rubber industry and values of rubber plantations
260 _bPlanter
_c1980
300 _a326-334
650 _aRubber industry
650 _aRubber plantation
942 _cJS
999 _c53886
_d53886